000
00337pab a2200145 454500
008
180718b2003 xxu||||| |||| 00| 0 eng d
100
_a
Narayanan, M.K.
245
_a
Internal security and governance
260
_c
2003
300
_a
p.92-101.
362
_a
Jan-Mar
650
_a
State security
773
_a
Dialogue
909
_a
55923
999
_c
55923
_d
55923